Československá armáda jako obět i nástroj politické perzekuce sborník vybraných dokumentů z let 1948-1953

Podrobná bibliografia
Ďalší autori: Bílek, Jiří, 1948-2020 (Zostavovateľ, kompilátor)
Médium: Kniha
Jazyk:čeština
Fyzický popis:111 s. 23 cm
Vydavateľské údaje: Praha Ministerstvo obrany České republiky 2005
ISBN:807278286X
Predmet:

MARC

LEADER 00000cam a2200000 a 4500
001 vtls008899319
003 SK-MaSNL
005 20260311121724.0
008 200104s2005 xo e 000 0 cze
015 |a SNBZSA2017/03 
020 |a 807278286X  |q (brožované) 
035 |a urn:nbn:sk:snk-am00d0j0 
035 |a urn:nbn:sk:snk-am3hhiu 
035 |a 16554117-528A-49C4-93A7-7921499D946C 
040 |a SNK  |b slo  |c SNK  |e AACR2 
041 0 |a cze 
043 |a e-cs--- 
072 7 |a 355/359  |x Vojenstvo. Obrana krajiny. Ozbrojené sily  |2 konspekt 
080 |a 355.1  |2 2011 
080 |a 323.28  |2 2011 
080 |a 321.74  |2 2011 
080 |a (437)  |2 2011 
080 |a (093)  |2 2011 
080 |a (082)  |2 2011 
245 0 0 |a Československá armáda jako obět i nástroj politické perzekuce  |b sborník vybraných dokumentů z let 1948-1953  |c [výběr dokumentů, sestavení, komentáře a úvodní studie Jiří Bílek] 
260 |a Praha  |b Ministerstvo obrany České republiky  |c 2005 
300 |a 111 s.  |c 23 cm 
504 |a Bibliogr. odkazy 
610 1 7 |a Československo.  |b Armáda  |2 SNKKA  |9 163619 
648 7 |a 20. stor.  |2 SNKPH  |9 275975 
648 7 |a 1948-1953  |2 SNK  |9 313163 
650 0 7 |a ozbrojené sily  |2 SNKPH  |9 1644 
650 0 7 |a Armed forces  |2 SNKPHeng  |9 267750 
650 0 7 |a politická perzekúcia  |2 SNKPH  |9 75134 
650 0 7 |a Political persecution  |2 SNKPHeng  |9 265799 
650 0 7 |a komunistický režim  |2 SNKPH  |9 4699 
650 0 7 |a Communist regime  |2 SNKPHeng  |9 306476 
651 7 |a Československo  |2 SNKPH  |9 21376 
651 7 |a Czechoslovakia  |2 SNKPHeng  |9 265183 
655 7 |a zborníky  |2 SNKPH  |9 70165 
655 7 |a dokumenty  |2 SNKPH  |9 70482 
655 7 |a Documents  |2 SNKPHeng  |9 277725 
655 7 |a Miscellanea  |2 SNKPHeng  |9 265155 
700 1 |a Bílek, Jiří,  |d 1948-2020  |4 com  |9 115383 
919 |a 80-7278-286-X 
958 |a ZS 
958 |a NB 
999 |c 567439  |d 569369 
952 |a SNK  |b SNK  |y PREZ  |7 0  |p 17A1254248  |o snkSC 173581  |i snk2017/6172  |8 2  |g 4.65  |0 0  |1 0  |4 0  |d 2017-03-01  |f 1  |l 0  |r 2025-09-11 00:00:00  |w 2026-02-23